<A> comprehensive guide to AL and expert systems
Gespeichert in:
| 1. Verfasser: | |
|---|---|
| Weitere Verfasser: | , |
| Format: | Buch |
| Sprache: | Englisch |
| Veröffentlicht: |
New York
MacGraw-Hill
1986
|
| Tags: |
Keine Tags, Fügen Sie das erste Tag hinzu!
|
MARC
| LEADER | 00000nam a2200000 4500 | ||
|---|---|---|---|
| 001 | c103233 | ||
| 005 | 20050228093651.4 | ||
| 041 | 0 | |a eng | |
| 044 | |a US | ||
| 245 | 1 | 0 | |a <A> comprehensive guide to AL and expert systems |c Robert I. Levine, Diane E. Drang, Barry Edelson |
| 264 | 1 | |a New York |b MacGraw-Hill |c 1986 | |
| 300 | |a 245 s. | ||
| 100 | 1 | |a Levine, Robert I. | |
| 700 | 1 | |a Drang, Diane E. | |
| 700 | 1 | |a Edelson, Barry | |